| 000 | 00735naa a22002057i 4500 | ||
|---|---|---|---|
| 001 | 232413 | ||
| 003 | ES-MaBCM | ||
| 005 | 20260219170601.0 | ||
| 008 | 260219s2023 sp ||||| |||| 00| 0 spa d | ||
| 040 | _cES-MaBCM | ||
| 100 | 1 |
_aMínguez Rosique, Marina _9126632 |
|
| 245 | 1 | 3 |
_aLa crueldad en la Constitución de los Estados Unidos _cMarina Mínguez Rosique |
| 504 | _aIncluye referencias bibliográficas | ||
| 650 | 7 |
_aDerecho penal _958346 |
|
| 650 | 7 |
_aConstitución _958077 |
|
| 650 | 7 |
_aDerechos humanos _958362 |
|
| 651 | 4 |
_aEstados Unidos _9115376 |
|
| 773 | 0 |
_dValencia : Tirant lo Blanch , 2023 _gp. [123]-166 - Loc. 62618 _tLa crueldad en las constituciones y en los convenios internacionales _w225307 |
|
| 942 |
_2udc _cAMON |
||
| 999 |
_c232413 _d232413 |
||